[Event "2. International President’s Cup"]
[Site "Baku AZE"]
[Date "2006.05.07"]
[Round "5.18"]
[White "Mammadov, Ayaz"]
[Black "Gasanov, Eldar"]
[Result "0-1"]
[WhiteElo "2225"]
[BlackElo "2486"]
[PlyCount "82"]
[EventDate "2007.05.05"]
[EventType "swiss"]
[EventRounds "9"]
[EventCountry "AZE"]
[Source "lmi"]
[SourceDate "2007.05.03"]

1. e4 c5 2. Nf3 Nc6 3. d4 cxd4 4. Nxd4 Nf6 5. Nc3 d6 6. Bg5 e6 7. Qd2 a6 8. Rd1
Be7 9. Be2 Bd7 10. O-O O-O 11. Nb3 b5 12. Bxf6 gxf6 13. Qh6 Kh8 14. Rd3 Rg8 15.
Rh3 Rg7 16. a3 Qg8 17. Rg3 Rxg3 18. hxg3 Qg5 19. Qh5 Qxh5 20. Bxh5 Kg7 21. Rd1
Ne5 22. Be2 Rc8 23. Na5 Rc7 24. Rd4 f5 25. exf5 d5 26. Nb3 Bf6 27. fxe6 fxe6
28. Rd2 Nc4 29. Bxc4 bxc4 30. Nd4 Rb7 31. Nd1 Rxb2 32. Nxb2 c3 33. Rd1 cxb2 34.
Nb3 Be7 35. Kf1 Bxa3 36. Ke2 Bb4 37. Rb1 Bb5+ 38. Ke3 Bc3 39. Nc5 a5 40. Rd1 a4
41. Nxa4 Bxa4 0-1

[Event "2. International President’s Cup"]
[Site "Baku AZE"]
[Date "2006.05.07"]
[Round "5.31"]
[White "Rahmanov, Shakhiyar"]
[Black "Dovliatov, Sanan"]
[Result "0-1"]
[WhiteElo "2148"]
[BlackElo "2438"]
[PlyCount "100"]
[EventDate "2007.05.05"]
[EventType "swiss"]
[EventRounds "9"]
[EventCountry "AZE"]
[Source "lmi"]
[SourceDate "2007.05.03"]

1. d4 f5 2. g3 Nf6 3. Bg2 g6 4. c4 Bg7 5. Nh3 O-O 6. O-O d6 7. d5 Nbd7 8. Nd2
Ne5 9. Qb3 a5 10. a4 Qe8 11. Re1 Ned7 12. Qc2 Nc5 13. Ra2 Na6 14. Ra3 Nb4 15.
Qd1 Ng4 16. Nf4 Qf7 17. Nf3 h6 18. Nd4 Bxd4 19. Qxd4 Nc2 20. Qd1 Nxe1 21. Qxe1
g5 22. Nd3 Qh5 23. h3 Nf6 24. b3 f4 25. g4 Qg6 26. e4 f3 27. Bxf3 Nxd5 28. Bg2
Nf4 29. Nxf4 gxf4 30. f3 e5 31. Ra2 Be6 32. Bf1 b6 33. h4 Kh7 34. Rg2 Rg8 35.
Be2 Qf6 36. Qf2 Rg7 37. Ba3 Rf8 38. Bc1 Qd8 39. Kh1 c6 40. Ba3 b5 41. cxb5 cxb5
42. Bxb5 Bxb3 43. Qe1 Be6 44. Rd2 Bxg4 45. fxg4 Rxg4 46. Rh2 f3 47. Qf2 Rg2 48.
Rxg2 fxg2+ 49. Qxg2 Qxh4+ 50. Qh2 Qxe4+ 0-1